Statistics for Rock/Metal Band by Lyric #2

Click here to take the quiz!

General Stats

  • This quiz has been taken 35 times
  • The average score is 4 of 15

Answer Stats

LyricBand% Correct
"With the lights out, it's less dangerous, Here we are now, entertain us"Nirvana - Smells Like Teen Spirit
72%
"Willst du bis der Tod euch scheidet, Treu ihr sein für alle Tage"Rammstein - Du Hast
59%
"Something takes a part of me, You and I were meant to be"Korn - Freak on a Leash
44%
"The thunder of guns, Tore me apart"ACϟDC - Thunderstruck
34%
"Monarch to the kingdom of the dead, Infamous butcher"Slayer - Angel of Death
31%
"On we sweep with threshing oar, Our only goal will be the western shore"Led Zeppelin - Immigrant Song
28%
"Freezin', Rests his head on a pillow made of concrete again"Pearl Jam - Even Flow
25%
"But some stupid with a flare gun, Burned the place to the ground"Deep Purple - Smoke on the Water
19%
"Invisible airwaves crackle with life, Bright antenna bristle with the energy"Rush - The Spirit of Radio
19%
"You do it to yourself, you do"Radiohead - Just
16%
"Ridin' into town alone, By the light of the moon"Aerosmith - Back in the Saddle
13%
"Oh, yo, yo, there's a demon inside"Five Finger Death Punch - Jekyll and Hyde
9%
"The train it won't stop going, No way to slow down"Jethro Tull - Locomotive Breath
6%
"I believe in our fate, We don't need to fake, It's all we wanna be, Watch me freak!"Sepultura - Roots Bloody Roots
6%
"I believe I've waited long enough, Where do I begin?"Foo Fighters - Walk
0%

Score Distribution

Percentile by Number Answered

Percent of People with Each Score

Your Score History

You have not taken this quiz